000
00314nam a2200145Ia 4500
008
221030s9999 xx 000 0 und d
041
_a
English
082
_a
105.6
100
_a
Shivam/531
245
0
_a
Android Based Notice Board
250
_a
2014
260
_a
Jammu
_c
2014
650
_a
IT
942
_c
TH
999
_c
17890
_d
17890